000 00484cam a22001457a 4500
008 180718b1980 xxu||||| |||| 00| 0 eng d
082 _aK18x5471 Ah52
100 _aAhmed, Emajuddin
245 _aBureaucratic elities in segmented economic growth: Pakistan and Bangladesh
_cby Emajuddin Ahmed
260 _aBangladesh
_bUniversity Press
_c1980
300 _a259p.
650 _aBangladesh - Economic conditions
650 _aBureaucracy - Pakistan
650 _aBureaucracy- Bangladesh
999 _c341569
_d341569